000 01550nam a2200325 i 4500
001 182528
003 ES-MaACL
005 20250823052023.0
008 130911s2012 sp a | |||||||| | glg
020 _a978-84-453-5039-3
080 _a929 Álvarez Blázquez, Xosé María
080 _a929 Millán González-Pardo, Isidoro
100 1 _aÁlvarez Blázquez, Xosé María.
_920707
245 1 0 _aCorrespondencia habida entre Xosé Mª Álvarez Blázquez e Isidoro Millán González-Pardo /
_cprólogo de Xosé Mª Álvarez Cáccamo ; exergo de Rosario Álvarez ; edición de X.L. Cochón Touriño ; colaboración de Alejandra Cillero Prieto e Lorena Domínguez Mallo.
260 _a[Santiago de Compostela] :
_bCentro Ramón Piñeiro para a Investigación en Humanidades,
_cimp. 2012.
300 _a121 p. :
_bil. col. ;
_c24 cm.
490 1 _aCadernos Ramón Piñeiro ;
_v21
504 _aBibliografía: p. 102. Índices.
600 1 7 _aMillán González-Pardo, Isidoro,
_cConde de Quirós,
_d1922-2002
_2
_9170410
700 1 _aÁlvarez Blanco, Rosario.
_9153404
700 1 _aCochón, Luís.
_9153405
700 0 _aAlvarez Cáccamo, Xosé María.
_920718
700 1 _aCillero Prieto, Alexandra.
_9148186
700 1 _aDomínguez Mallo, Lorena
_9153377
830 0 _aCadernos Ramón Piñeiro ;
_v21
_9191760
852 _aES-MaACL
_jA-12906
_9189441
_bR.149778
_cDEPO1
_dOlim: N-5906
_xDonación: Real Academia Española
914 _96336
_aReal Academia Española
_ednr
942 _2udc
_cMONOGRAFIA
999 _c182528
_d182528